000 00471nam a2200169Ia 4500
003 GCL
008 140319s9999 xx 000 0 ara d
040 _aGCL /
_cGCL
082 0 4 _a813.01
_bص ا
100 1 _aصلاح ذهنى
245 1 0 _aالايام الجميلة /
_cصلاح ذهنى
300 _a163 ص
490 _aالكتاب الذهبى
_v0
650 0 4 _aالادب العربى
650 0 4 _aالقصص العربية القصيرة
942 _2ddc
_cBK
999 _c46918
_d46918